A key to the Ulysses of James Joyce / (Record no. 95283)
[ view plain ]
| 000 -LEADER | |
|---|---|
| fixed length control field | 00747cam1a220020500 4500 |
| 001 - CONTROL NUMBER | |
| control field | qce01760835 |
| 005 - DATE AND TIME OF LATEST TRANSACTION | |
| control field | 20190819085653.0 |
| 008 - FIXED-LENGTH DATA ELEMENTS--GENERAL INFORMATION | |
| fixed length control field | 750618s1934 nyu 000 0 eng u |
| 035 ## - SYSTEM CONTROL NUMBER | |
| System control number | (Sirsi) r85201 |
| 035 ## - SYSTEM CONTROL NUMBER | |
| System control number | (QCAT)lss00868102 |
| 035 ## - SYSTEM CONTROL NUMBER | |
| System control number | (UPRA)qce01760835 |
| 040 ## - CATALOGING SOURCE | |
| Modifying agency | UPRA |
| 100 1# - MAIN ENTRY--PERSONAL NAME | |
| Personal name | Smith, Paul Jordan, 1885- |
| Dates associated with a name | Smith, Paul Jordan, 1885- |
| Linkage | A44757.1 |
| 245 12 - TITLE STATEMENT | |
| Title | A key to the Ulysses of James Joyce / |
| Statement of responsibility, etc. | by Paul Jordan Smith. |
| 260 ## - PUBLICATION, DISTRIBUTION, ETC. | |
| Place of publication, distribution, etc. | New York : |
| Name of publisher, distributor, etc. | Covici, Friede, |
| Date of publication, distribution, etc. | [1934, c1927] |
| 500 ## - GENERAL NOTE | |
| General note | First published in 1927. |
| 600 10 - SUBJECT ADDED ENTRY--PERSONAL NAME | |
| Personal name | Joyce, James, 1882-1941. Ulysses. |
| Dates associated with a name | Joyce, James, 1882-1941. Ulysses. |
| Title of a work | Joyce, James, 1882-1941. Ulysses. |
| Linkage | S29414.2 |
| 949 ## - LOCAL PROCESSING INFORMATION (OCLC) | |
| a | PR6019.O9 |
| w | lcc |
| i | -118406 |
| m | MAIN |
| t | BOOK |
| l | ON-SHELF |
No items available.